Lisabonská stratégia: úloha vzdelania a viacjazyčnosti v budovaní znalostnej spoločnosti

Znalosť cudzích jazykov ako jeden z predpokladov modernej európskej vzdelanosti. Výučba cudzích jazykov v Slovenskej republike. Lisabonská stratégia vo výučbe cudzích jazykov. Implementácia Lisabonskej stratégie v Slovenskej republike.

Gespeichert in:
Bibliographische Detailangaben
1. Verfasser: Laskovičová, Tatiana
Format: Buchkapitel
Sprache:Slowakisch
Schlagworte:
Tags: Tag hinzufügen
Keine Tags, Fügen Sie das erste Tag hinzu!

MARC

LEADER 00000nla$a2200000$$$4500
001 0132410
005 20240502072509.9
041 0 |a slo 
044 |a SK 
245 1 0 |a Lisabonská stratégia: úloha vzdelania a viacjazyčnosti v budovaní znalostnej spoločnosti  |c Tatiana Laskovičová 
520 |a Znalosť cudzích jazykov ako jeden z predpokladov modernej európskej vzdelanosti. Výučba cudzích jazykov v Slovenskej republike. Lisabonská stratégia vo výučbe cudzích jazykov. Implementácia Lisabonskej stratégie v Slovenskej republike. 
610 2 0 |a vzdelávanie 
610 2 0 |a jazyky cudzie 
610 2 0 |a spoločnosť vedomostná 
610 2 0 |a vedomosti 
610 2 0 |a zmluvy medzinárodné 
100 1 |a Laskovičová, Tatiana